| 000 | 00426nam a22001457a 4500 | ||
|---|---|---|---|
| 005 | 20141029020007.0 | ||
| 008 | 140130b xxu||||| |||| 00| 0 eng d | ||
| 050 |
_aBR115.W4 _bS37 2002 |
||
| 100 |
_aSchneider, John R. _97300 |
||
| 245 |
_aThe God of affluence _cSchneider, John R. |
||
| 260 |
_aCambridge _bB. Eerdmans _c2002 |
||
| 300 |
_ax, 233p.; _c23cm. |
||
| 700 |
_aSchneider, John R. _97301 |
||
| 942 |
_2lcc _cMONOGRAPH _02 |
||
| 999 |
_c119770 _d119770 |
||